| 000 | 00466nam a2200133Ia 4500 | ||
|---|---|---|---|
| 008 | 171212s9999 xx 000 0 und d | ||
| 020 | _a9780874217599 | ||
| 100 | _aGould, Claudia | ||
| 245 |
_cGould, Claudia _aJesus in America and Other Stories from the Field |
||
| 260 |
_bUniversity Press of Colorado _c2009 |
||
| 650 | _aAnthropology | ||
| 650 | _aReligious fiction, American; Parables; Ethnology -- Fiction | ||
| 856 | _uwww.jstor.org/stable/10.2307/j.ctt4cgm1t | ||
| 999 |
_c353095 _d353095 |
||